Catálogo
 En Linea

Dos mil años de vida judía en Marruecos / (Registro nro. 20751)

Detalles MARC
000 -CABECERA
campo de control de longitud fija 01232nam a2200301 a 4500
001 - NÚMERO DE CONTROL
campo de control 000021251
005 - FECHA Y HORA DE LA ÚLTIMA TRANSACCIÓN
campo de control 20200930011255.0
008 - DATOS DE LONGITUD FIJA--INFORMACIÓN GENERAL
campo de control de longitud fija 100902s2001 ck a r 000 | spa d
020 ## - NÚMERO INTERNACIONAL ESTÁNDAR DEL LIBRO
Número Internacional Estándar del Libro 9657082064
040 ## - FUENTE DE LA CATALOGACIÓN
Centro catalogador/agencia de origen DO-SdBNP
Lengua de catalogación spa
Centro/agencia transcriptor BNPHU
082 ## - NÚMERO DE LA CLASIFICACIÓN DECIMAL DEWEY
Número de clasificación 956.94
Número de documento/Ítem Z17d
049 ## - FONDOS LOCALES (OCLC)
Fondos de biblioteca BNGR
100 1# - ENTRADA PRINCIPAL--NOMBRE DE PERSONA
Nombre de persona Zafrani, Haim
9 (RLIN) 44414
240 10 - TÍTULO UNIFORME
Título uniforme Deux mille ans de vie juive au Maroc.
Lenguaje de la obra español
245 13 - MENCIÓN DE TÍTULO
Título Dos mil años de vida judía en Marruecos /
Mención de responsabilidad, etc. Haim Zafrani; Introducción de Moisés Garzón Serfaty; traducción de Marie Gamondies-Tulián.
246 04 - FORMA VARIANTE DE TÍTULO
Título propio/Titulo breve 2000 mil años de vida judía en Marruecos.
260 ## - PUBLICACIÓN, DISTRIBUCIÓN, ETC.
Lugar de publicación, distribución, etc. Bogotá, (Colombia) :
Nombre del editor, distribuidor, etc. L.B. Publishing :
-- Centro de Estudios Sefardíes de Caracas,
Fecha de publicación, distribución, etc. 2001.
300 ## - DESCRIPCIÓN FÍSICA
Extensión 419 p. :
Otras características físicas il. ;
Dimensiones 20 cm.
500 ## - NOTA GENERAL
Nota general Incluye citas bibliográficas al pie de página
500 ## - NOTA GENERAL
Nota general Incluye referencias bibliográficas
534 ## - NOTA SOBRE LA VERSIÓN ORIGINAL
Encabezamiento principal del original Título del original :
Mención de título del original Deux mille ans de vie juive au Maroc.
650 #4 - PUNTO DE ACCESO ADICIONAL DE MATERIA--TÉRMINO DE MATERIA
Término de materia o nombre geográfico como elemento de entrada Judíos
Subdivisión general Historia
Subdivisión geográfica Marruecos
9 (RLIN) 44415
650 #4 - PUNTO DE ACCESO ADICIONAL DE MATERIA--TÉRMINO DE MATERIA
Término de materia o nombre geográfico como elemento de entrada Judaísmo
9 (RLIN) 24148
650 #4 - PUNTO DE ACCESO ADICIONAL DE MATERIA--TÉRMINO DE MATERIA
Término de materia o nombre geográfico como elemento de entrada Civilización judía
9 (RLIN) 44416
651 #4 - PUNTO DE ACCESO ADICIONAL DE MATERIA--NOMBRE GEOGRÁFICO
Nombre geográfico Judíos En Marruecos
Subdivisión general Situación Legal
9 (RLIN) 44417
700 1# - PUNTO DE ACCESO ADICIONAL--NOMBRE DE PERSONA
Nombre de persona Gamondies-Tulián, Marie
Término indicativo de función/relación tr.
9 (RLIN) 44418
700 1# - PUNTO DE ACCESO ADICIONAL--NOMBRE DE PERSONA
Nombre de persona Serfaty, Moisés Garzón
Término indicativo de función/relación intr..
9 (RLIN) 44419
Existencias
Estado de retiro Estado de pérdida Restricciones de uso No para préstamo Código de colección Localización permanente Ubicación/localización actual Ubicación en estantería Fecha de adquisición Número de inventario Total de préstamos Signatura topográfica completa Código de barras Fecha visto por última vez Precio válido a partir de Tipo de ítem Koha
        Monografías: Libros y Folletos General General En catalogación 02.09.2010 LF1   956.94 Z17d 21251-10 25.06.2020 25.06.2020 Préstamo en sala

Con tecnología Koha